Statistics for Björk Songs

Click here to take the quiz!

General Stats

  • This quiz has been taken 432 times
  • The average score is 54 of 114

Answer Stats

HintAnswer% Correct
PostArmy Of Me
88%
DebutVenus As A Boy
86%
HomogenicJóga
82%
DebutHuman Behaviour
80%
HomogenicHunter
80%
PostHyperballad
78%
PostIt's Oh So Quiet
78%
VespertinePagan Poetry
78%
HomogenicBachelorette
76%
HomogenicAll Is Full Of Love
74%
VespertineHidden Place
74%
HomogenicPluto
70%
VespertineCocoon
69%
PostHeadphones
69%
VespertineFrosti
67%
PostIsobel
67%
Homogenic5 Years
66%
VoltaEarth Intruders
65%
HomogenicAlarm Call
64%
DebutCrying
64%
VespertineAurora
63%
DebutBig Time Sensuality
63%
DebutThe Anchor Song
63%
PostEnjoy
61%
FossoraFossora
61%
VespertineIt's Not Up to You
61%
VespertineUndo
61%
VulnicuraStonemilker
60%
HomogenicAll Neon Like
59%
PostI Miss You
59%
VespertineUnison
59%
HomogenicUnravel
59%
VespertineSun In My Mouth
58%
DebutAeroplane
57%
PostPossibly Maybe
57%
UtopiaUtopia
57%
DebutViolently Happy
56%
FossoraAtopos
55%
VespertineHeirloom
55%
VulnicuraLionsong
54%
PostThe Modern Things
54%
DebutThere's More to Life Than This
54%
DebutCome To Me
53%
VoltaDeclare Independence
53%
VespertineAn Echo, A Stain
52%
HomogenicImmature
52%
VulnicuraBlack Lake
51%
BiophiliaCrystalline
51%
MedúllaOceania
51%
VoltaWanderlust
51%
VulnicuraFamily
49%
DebutLike Someone in Love
49%
BiophiliaMoon
49%
PostCover Me
48%
MedúllaTriumph of a Heart
48%
MedúllaWhere Is The Line
48%
FossoraOvule
46%
MedúllaWho Is It
46%
PostYou've Been Flirting Again
46%
VespertineHarm Of Will
45%
BiophiliaVirus
45%
DebutOne Day
44%
FossoraAncestress
43%
VulnicuraAtom Dance
43%
VoltaInnocence
43%
MedúllaPleasure Is All Mine
43%
UtopiaThe Gate
43%
UtopiaArisen My Senses
41%
VoltaThe Dull Flame of Desire
41%
UtopiaBlissing Me
40%
VulnicuraHistory Of Touches
40%
BiophiliaMutual Core
40%
VulnicuraNotget
39%
VulnicuraQuicksand
39%
BiophiliaThunderbolt
39%
UtopiaLosss
37%
MedúllaAncestors
36%
BiophiliaDark Matter
35%
FossoraHer Mother's House
35%
UtopiaSue Me
35%
VulnicuraMouth Mantra
34%
BiophiliaHollow
33%
UtopiaBody Memory
31%
VoltaHope
31%
FossoraMycelia
31%
MedúllaShow Me Forgiveness
31%
MedúllaSubmarine
31%
VoltaVertebræ by Vertebræ
31%
MedúllaVökuro
31%
BiophiliaCosmogony
30%
MedúllaDesired Constellation
30%
UtopiaFeatures Creatures
30%
MedúllaMouth's Cradle
30%
VoltaMy Juvenile
30%
VoltaI See Who You Are
28%
VoltaPneumonia
28%
BiophiliaSolstice
28%
UtopiaFuture Forever
27%
UtopiaTabula Rasa
27%
UtopiaClaimstaker
26%
FossoraFungal City
26%
BiophiliaSacrifice
26%
FossoraSorrowful Soil
26%
FossoraVictimhood
26%
MedúllaÖll Birtan
25%
UtopiaCourtship
24%
UtopiaSaint
24%
MedúllaSonnets / Unrealities XI
24%
FossoraTrölla-Gabba
24%
FossoraAllow
23%
FossoraFreefall
22%
UtopiaParadisia
22%
MedúllaMiðvikudags
19%
FossoraFagurt Er í Fjörðum
11%

Score Distribution

Percentile by Number Answered

Percent of People with Each Score

Your Score History

You have not taken this quiz